000 00251nam a2200109Ia 4500
008 220216s9999 xx 000 0 und d
245 0 _aRubberinu valamidan RubSiS app
260 _bKarshakasree
_c2017
300 _a75
650 _aRubSiS
942 _cJS
999 _c68256
_d68256